[Event "WCO2014"]
[Site "Tromso"]
[Date "2014.08.09"]
[Round "7.31"]
[WhiteID "14103320"]
[White "Ponomariov Ruslan"]
[BlackID "13700278"]
[Black "Kotsur Pavel"]
[Result "1-0"]
[LiveChessVersion "1.4.3"]
[BlackElo "2559"]
[WhiteElo "2717"]

1. e4 {[%clk 1:30:57]} c5 {[%clk 1:30:10]} 2. Nf3 {[%clk 1:31:19]} e6
{[%clk 1:30:21]} 3. d4 {[%clk 1:31:18]} cxd4 {[%clk 1:30:43]} 4. Nxd4
{[%clk 1:31:44]} a6 {[%clk 1:30:51]} 5. Nc3 {[%clk 1:30:56]} Qc7 {[%clk 1:30:41]}
6. Bd3 {[%clk 1:31:03]} Nf6 {[%clk 1:30:21]} 7. Qe2 {[%clk 1:26:27]} d6
{[%clk 1:29:59]} 8. f4 {[%clk 1:26:23]} Nbd7 {[%clk 1:28:01]} 9. g4
{[%clk 1:22:37]} Nc5 {[%clk 1:22:23]} 10. g5 {[%clk 1:22:08]} Nfd7
{[%clk 1:22:48]} 11. Bd2 {[%clk 1:21:08]} Be7 {[%clk 1:13:09]} 12. h4
{[%clk 1:14:54]} Nb6 {[%clk 0:51:41]} 13. O-O-O {[%clk 1:05:13]} Bd7
{[%clk 0:51:01]} 14. Kb1 {[%clk 1:05:34]} O-O-O {[%clk 0:51:09]} 15. Rhf1
{[%clk 0:57:55]} Kb8 {[%clk 0:37:53]} 16. f5 {[%clk 0:56:51]} e5 {[%clk 0:37:29]}
17. Nb3 {[%clk 0:56:23]} f6 {[%clk 0:37:16]} 18. Nxc5 {[%clk 0:54:07]} dxc5
{[%clk 0:37:38]} 19. Nd5 {[%clk 0:54:24]} Nxd5 {[%clk 0:38:02]} 20. exd5
{[%clk 0:54:50]} Bd6 {[%clk 0:32:51]} 21. c4 {[%clk 0:53:50]} Rde8
{[%clk 0:32:55]} 22. Be4 {[%clk 0:52:54]} b5 {[%clk 0:32:40]} 23. Rf3
{[%clk 0:51:59]} bxc4 {[%clk 0:31:45]} 24. Qxc4 {[%clk 0:51:25]} Bb5
{[%clk 0:32:03]} 25. Qc2 {[%clk 0:49:32]} Qd7 {[%clk 0:26:09]} 26. Rg1
{[%clk 0:46:52]} c4 {[%clk 0:25:38]} 27. Be3 {[%clk 0:46:33]} Re7
{[%clk 0:25:23]} 28. h5 {[%clk 0:41:20]} Rc8 {[%clk 0:22:33]} 29. h6
{[%clk 0:37:19]} Ba4 {[%clk 0:21:02]} 30. Qc1 {[%clk 0:35:01]} Qb5
{[%clk 0:17:54]} 31. hxg7 {[%clk 0:31:43]} Rxg7 {[%clk 0:17:51]} 32. gxf6
{[%clk 0:31:24]} Rxg1 {[%clk 0:16:19]} 33. Bxg1 {[%clk 0:30:58]} c3
{[%clk 0:08:31]} 34. Rxc3 {[%clk 0:30:01]} Rxc3 {[%clk 0:08:53]} 35. Qxc3
{[%clk 0:30:27]} Qf1+ {[%clk 0:08:27]} 36. Qc1 {[%clk 0:30:47]} Qe2
{[%clk 0:08:45]} 37. Be3 {[%clk 0:28:19]} h5 {[%clk 0:07:57]} 38. f7
{[%clk 0:26:23]} h4 {[%clk 0:08:13]} 39. Ka1 {[%clk 0:25:59]} Qb5
{[%clk 0:02:58]} 40. Bh6 {[%clk 0:18:49]} Qb4 {[%clk 0:03:10]} 41. Bh1
{[%clk 0:18:49]} Bf8 {[%clk 0:01:58]} 42. a3 {[%clk 0:18:32]} Qe7
{[%clk 0:01:44]} 43. Bxf8 {[%clk 0:18:29]} Qxf8 {[%clk 0:02:07]} 44. Qc4
{[%clk 0:17:19]} Bb5 {[%clk 0:02:17]} 45. Qxh4 {[%clk 0:16:57]} Qxf7
{[%clk 0:02:34]} 46. Qd8+ {[%clk 0:16:26]} Ka7 {[%clk 0:02:23]} 47. d6
{[%clk 0:16:48]} 1-0

[Event "WCO2014"]
[Site "Tromso"]
[Date "2014.08.09"]
[Round "7.30"]
[WhiteID "13700669"]
[White "Kostenko Petr"]
[BlackID "14105730"]
[Black "Korobov Anton"]
[Result "0-1"]
[LiveChessVersion "1.4.3"]
[BlackElo "2680"]
[WhiteElo "2461"]

1. e4 {[%clk 1:30:22]} c5 {[%clk 1:30:53]} 2. Nf3 {[%clk 1:30:17]} d6
{[%clk 1:31:17]} 3. d4 {[%clk 1:29:49]} cxd4 {[%clk 1:31:41]} 4. Nxd4
{[%clk 1:29:49]} Nf6 {[%clk 1:32:03]} 5. Nc3 {[%clk 1:29:44]} a6 {[%clk 1:32:27]}
6. Be3 {[%clk 1:29:12]} Nbd7 {[%clk 1:31:29]} 7. g4 {[%clk 1:24:17]} h6
{[%clk 1:31:28]} 8. Bg2 {[%clk 0:54:12]} Ne5 {[%clk 1:25:48]} 9. h3
{[%clk 0:54:01]} g5 {[%clk 1:21:56]} 10. Qe2 {[%clk 0:54:10]} e6 {[%clk 1:21:31]}
11. f4 {[%clk 0:49:26]} gxf4 {[%clk 1:21:18]} 12. Bxf4 {[%clk 0:49:52]} Be7
{[%clk 1:13:44]} 13. O-O-O {[%clk 0:49:59]} Qc7 {[%clk 1:13:48]} 14. Kb1
{[%clk 0:50:01]} b5 {[%clk 1:09:11]} 15. Qf2 {[%clk 0:47:43]} Bb7
{[%clk 0:55:22]} 16. Rhf1 {[%clk 0:45:34]} Nfd7 {[%clk 0:47:13]} 17. Nce2
{[%clk 0:13:40]} O-O-O {[%clk 0:45:12]} 18. Ng3 {[%clk 0:12:43]} Kb8
{[%clk 0:44:05]} 19. Nh5 {[%clk 0:11:53]} Nc5 {[%clk 0:39:24]} 20. Rfe1
{[%clk 0:09:12]} Na4 {[%clk 0:37:49]} 21. Bxe5 {[%clk 0:04:56]} dxe5
{[%clk 0:37:48]} 22. Ne2 {[%clk 0:04:02]} Rxd1+ {[%clk 0:33:51]} 23. Rxd1
{[%clk 0:04:28]} Rc8 {[%clk 0:34:12]} 24. c3 {[%clk 0:03:36]} b4 {[%clk 0:32:40]}
25. Qf3 {[%clk 0:01:11]} bxc3 {[%clk 0:31:34]} 26. Nxc3 {[%clk 0:01:35]} Nxc3+
{[%clk 0:31:42]} 27. Qxc3 {[%clk 0:02:01]} Qxc3 {[%clk 0:32:05]} 28. bxc3
{[%clk 0:02:29]} Rxc3 {[%clk 0:32:24]} 29. Re1 {[%clk 0:02:14]} Ba3
{[%clk 0:30:24]} 30. Nf6 {[%clk 0:01:51]} Bc6 {[%clk 0:29:22]} 31. Ng8
{[%clk 0:01:46]} Rg3 {[%clk 0:28:14]} 32. Bf1 {[%clk 0:00:48]} Bb4
{[%clk 0:28:06]} 33. Re2 {[%clk 0:00:45]} Rg1 {[%clk 0:27:59]} 34. Rf2
{[%clk 0:01:11]} Bb5 {[%clk 0:28:16]} 0-1

[Event "WCO2014"]
[Site "Tromso"]
[Date "2014.08.09"]
[Round "7.29"]
[WhiteID "14102560"]
[White "Moiseenko Alexander"]
[BlackID "13701703"]
[Black "Khusnutdinov Rustam"]
[Result "1/2-1/2"]
[LiveChessVersion "1.4.3"]
[BlackElo "2470"]
[WhiteElo "2707"]

1. d4 {[%clk 1:30:57]} Nf6 {[%clk 1:30:33]} 2. c4 {[%clk 1:31:20]} g6
{[%clk 1:30:51]} 3. Nc3 {[%clk 1:31:43]} d5 {[%clk 1:31:04]} 4. cxd5
{[%clk 1:32:05]} Nxd5 {[%clk 1:31:28]} 5. Bd2 {[%clk 1:32:32]} Nb6
{[%clk 1:31:12]} 6. e3 {[%clk 1:32:52]} Bg7 {[%clk 1:31:13]} 7. f4
{[%clk 1:33:02]} O-O {[%clk 1:30:14]} 8. Nf3 {[%clk 1:33:18]} Be6
{[%clk 1:29:52]} 9. Rc1 {[%clk 1:22:03]} N8d7 {[%clk 1:25:16]} 10. Ne4
{[%clk 1:15:20]} a5 {[%clk 1:11:40]} 11. a3 {[%clk 1:05:55]} Nf6 {[%clk 0:56:02]}
12. Nc5 {[%clk 0:58:53]} Bd5 {[%clk 0:56:20]} 13. Bd3 {[%clk 0:38:13]} Nbd7
{[%clk 0:56:18]} 14. Nxd7 {[%clk 0:38:30]} Qxd7 {[%clk 0:54:09]} 15. Ne5
{[%clk 0:38:52]} Qd6 {[%clk 0:41:39]} 16. O-O {[%clk 0:39:08]} Ne4
{[%clk 0:41:23]} 17. Qc2 {[%clk 0:38:35]} Bb3 {[%clk 0:35:59]} 18. Qxb3
{[%clk 0:37:45]} Nxd2 {[%clk 0:36:23]} 19. Qxb7 {[%clk 0:37:38]} Rfb8
{[%clk 0:31:11]} 20. Qxc7 {[%clk 0:34:12]} Nxf1 {[%clk 0:31:05]} 21. Bxf1
{[%clk 0:32:23]} Rxb2 {[%clk 0:24:03]} 22. Qc3 {[%clk 0:27:35]} Rbb8
{[%clk 0:21:26]} 23. Nc6 {[%clk 0:25:40]} Rc8 {[%clk 0:21:14]} 24. a4
{[%clk 0:24:49]} Qe6 {[%clk 0:17:04]} 25. Bb5 {[%clk 0:23:34]} Bf6
{[%clk 0:15:43]} 26. Qd3 {[%clk 0:20:38]} Qd6 {[%clk 0:13:20]} 27. Rc4
{[%clk 0:19:31]} Kg7 {[%clk 0:07:34]} 28. Nxa5 {[%clk 0:17:30]} Rxc4
{[%clk 0:07:25]} 29. Nxc4 {[%clk 0:17:54]} Qb4 {[%clk 0:07:53]} 30. Kf2
{[%clk 0:13:46]} e6 {[%clk 0:07:27]} 31. Ke2 {[%clk 0:13:23]} Rc8
{[%clk 0:07:14]} 32. g3 {[%clk 0:12:35]} Rc7 {[%clk 0:07:06]} 33. Kf2
{[%clk 0:07:55]} Rc8 {[%clk 0:07:24]} 34. Ke2 {[%clk 0:04:26]} Rc7
{[%clk 0:07:51]} 35. Kf1 {[%clk 0:04:40]} Rc8 {[%clk 0:08:18]} 36. Kf2
{[%clk 0:04:48]} Rc7 {[%clk 0:08:37]} 37. h4 {[%clk 0:04:34]} Rc8
{[%clk 0:08:38]} 38. Kf1 {[%clk 0:03:57]} Rc7 {[%clk 0:09:04]} 39. Ke2
{[%clk 0:04:18]} Rc8 {[%clk 0:09:31]} 40. Kf2 {[%clk 0:04:41]} Rc7
{[%clk 0:09:59]} 41. Kf1 {[%clk 0:01:09]} Rc8 {[%clk 0:09:21]} 42. Ke2
{[%clk 0:22:39]} Kg8 {[%clk 0:39:48]} 43. Kf1 {[%clk 0:18:28]} Kg7
{[%clk 0:39:37]} 44. Ke2 {[%clk 0:18:53]} 1/2-1/2

[Event "WCO2014"]
[Site "Tromso"]
[Date "2014.08.09"]
[Round "7.1"]
[WhiteID "2101246"]
[White "Leitao Rafael"]
[BlackID "2209390"]
[Black "Shirov Alexei"]
[Result "0-1"]
[LiveChessVersion "1.4.3"]
[BlackElo "2709"]
[WhiteElo "2649"]

1. d4 {[%clk 1:30:57]} d5 {[%clk 1:30:57]} 2. c4 {[%clk 1:31:09]} c6
{[%clk 1:31:23]} 3. Nf3 {[%clk 1:31:28]} Nf6 {[%clk 1:31:46]} 4. Nc3
{[%clk 1:30:51]} e6 {[%clk 1:32:08]} 5. cxd5 {[%clk 1:30:24]} exd5
{[%clk 1:29:54]} 6. Qc2 {[%clk 1:30:23]} g6 {[%clk 1:21:16]} 7. Bg5
{[%clk 1:29:33]} Be7 {[%clk 1:13:36]} 8. e3 {[%clk 1:26:20]} Bf5 {[%clk 1:13:31]}
9. Bd3 {[%clk 1:26:19]} Bxd3 {[%clk 1:13:54]} 10. Qxd3 {[%clk 1:26:44]} O-O
{[%clk 1:12:43]} 11. O-O {[%clk 1:26:45]} Nbd7 {[%clk 1:12:13]} 12. h3
{[%clk 1:23:12]} Re8 {[%clk 1:10:19]} 13. Bf4 {[%clk 1:22:24]} a5
{[%clk 1:05:10]} 14. Qc2 {[%clk 1:20:09]} Nb6 {[%clk 1:00:09]} 15. Rfe1
{[%clk 1:15:41]} Ne4 {[%clk 0:55:17]} 16. Nxe4 {[%clk 1:09:34]} dxe4
{[%clk 0:55:41]} 17. Nd2 {[%clk 1:09:25]} f5 {[%clk 0:52:13]} 18. a3
{[%clk 1:07:29]} a4 {[%clk 0:47:56]} 19. Bh2 {[%clk 1:05:06]} Qd5
{[%clk 0:44:14]} 20. Rac1 {[%clk 0:52:50]} Rec8 {[%clk 0:38:58]} 21. Nb1
{[%clk 0:38:37]} c5 {[%clk 0:36:18]} 22. Nc3 {[%clk 0:38:59]} Qb3
{[%clk 0:31:58]} 23. d5 {[%clk 0:37:00]} Bf6 {[%clk 0:29:13]} 24. d6
{[%clk 0:32:09]} Qxc2 {[%clk 0:27:09]} 25. Rxc2 {[%clk 0:32:33]} Bxc3
{[%clk 0:27:34]} 26. Rxc3 {[%clk 0:31:36]} Nd7 {[%clk 0:27:55]} 27. f3
{[%clk 0:28:29]} b5 {[%clk 0:20:52]} 28. fxe4 {[%clk 0:26:15]} fxe4
{[%clk 0:21:19]} 29. Rd1 {[%clk 0:23:47]} Rf8 {[%clk 0:20:20]} 30. Bf4
{[%clk 0:21:25]} Kf7 {[%clk 0:20:41]} 31. Bh6 {[%clk 0:18:32]} Rfe8
{[%clk 0:21:05]} 32. Rc2 {[%clk 0:17:25]} Re5 {[%clk 0:18:47]} 33. Bf4
{[%clk 0:16:54]} Rh5 {[%clk 0:18:54]} 34. g4 {[%clk 0:12:27]} Rxh3
{[%clk 0:19:06]} 35. Rf2 {[%clk 0:12:07]} h5 {[%clk 0:17:11]} 36. Kg2
{[%clk 0:11:17]} hxg4 {[%clk 0:15:24]} 37. Bg3+ {[%clk 0:09:53]} Ke6
{[%clk 0:13:25]} 38. Rdf1 {[%clk 0:09:27]} Rah8 {[%clk 0:06:59]} 39. Rf4
{[%clk 0:07:27]} Rxg3+ {[%clk 0:07:12]} 40. Kxg3 {[%clk 0:07:52]} Rh3+
{[%clk 0:07:33]} 41. Kf2 {[%clk 0:03:00]} Ne5 {[%clk 0:27:34]} 42. Rxe4
{[%clk 0:26:47]} Rf3+ {[%clk 0:12:25]} 43. Ke2 {[%clk 0:27:08]} Rxf1
{[%clk 0:12:29]} 44. Kxf1 {[%clk 0:27:33]} Kxd6 {[%clk 0:12:54]} 45. Rf4
{[%clk 0:27:50]} g5 {[%clk 0:06:50]} 46. Rf5 {[%clk 0:24:45]} b4 {[%clk 0:03:59]}
47. Rxg5 {[%clk 0:22:20]} c4 {[%clk 0:03:14]} 48. axb4 {[%clk 0:09:41]} a3
{[%clk 0:03:26]} 49. bxa3 {[%clk 0:10:07]} c3 {[%clk 0:03:49]} 50. Ke2
{[%clk 0:09:43]} c2 {[%clk 0:04:08]} 51. Kd2 {[%clk 0:10:09]} Nf3+
{[%clk 0:04:35]} 52. Kxc2 {[%clk 0:10:35]} Nxg5 {[%clk 0:05:00]} 53. Kd3
{[%clk 0:10:59]} Ke5 {[%clk 0:02:57]} 54. Ke2 {[%clk 0:09:11]} Ne4
{[%clk 0:03:08]} 55. Kf1 {[%clk 0:08:52]} Nc3 {[%clk 0:02:55]} 56. Kg2
{[%clk 0:08:19]} Kf5 {[%clk 0:03:00]} 57. Kg3 {[%clk 0:06:06]} Kg5
{[%clk 0:03:24]} 58. a4 {[%clk 0:06:13]} Nxa4 {[%clk 0:03:48]} 59. b5
{[%clk 0:06:39]} Nb6 {[%clk 0:03:44]} 60. e4 {[%clk 0:05:16]} Nc4
{[%clk 0:04:06]} 61. e5 {[%clk 0:01:20]} Nxe5 {[%clk 0:04:24]} 62. b6
{[%clk 0:01:47]} Nd7 {[%clk 0:04:47]} 63. b7 {[%clk 0:02:14]} Nb8
{[%clk 0:05:12]} 64. Kg2 {[%clk 0:02:40]} Kf4 {[%clk 0:05:37]} 65. Kf2
{[%clk 0:03:07]} g3+ {[%clk 0:06:01]} 66. Kg2 {[%clk 0:03:35]} Nd7
{[%clk 0:06:22]} 67. Kg1 {[%clk 0:03:55]} Kf3 {[%clk 0:06:46]} 68. Kf1
{[%clk 0:04:22]} g2+ {[%clk 0:07:10]} 0-1

[Event "WCO2014"]
[Site "Tromso"]
[Date "2014.08.09"]
[Round "7.2"]
[WhiteID "14117908"]
[White "Kovalenko Igor"]
[BlackID "2107139"]
[Black "Fier Alexandr"]
[Result "1/2-1/2"]
[LiveChessVersion "1.4.3"]
[BlackElo "2570"]
[WhiteElo "2650"]

1. d4 {[%clk 1:30:57]} Nf6 {[%clk 1:30:51]} 2. c4 {[%clk 1:31:20]} g6
{[%clk 1:31:17]} 3. Nf3 {[%clk 1:31:47]} Bg7 {[%clk 1:31:40]} 4. g3
{[%clk 1:32:15]} O-O {[%clk 1:31:50]} 5. Bg2 {[%clk 1:32:43]} d6 {[%clk 1:32:14]}
6. O-O {[%clk 1:33:10]} Nc6 {[%clk 1:32:41]} 7. Nc3 {[%clk 1:33:38]} Rb8
{[%clk 1:33:05]} 8. h3 {[%clk 1:34:03]} a6 {[%clk 1:33:31]} 9. e4
{[%clk 1:34:31]} b5 {[%clk 1:33:56]} 10. cxb5 {[%clk 1:35:00]} axb5
{[%clk 1:34:20]} 11. Re1 {[%clk 1:35:29]} e6 {[%clk 1:33:30]} 12. Qc2
{[%clk 1:34:39]} b4 {[%clk 1:32:44]} 13. Ne2 {[%clk 1:33:14]} Bb7
{[%clk 1:32:27]} 14. Nf4 {[%clk 1:33:11]} Na5 {[%clk 1:22:20]} 15. Bd2
{[%clk 1:10:26]} c5 {[%clk 1:20:13]} 16. dxc5 {[%clk 1:10:51]} dxc5
{[%clk 1:20:38]} 17. Rad1 {[%clk 1:08:08]} Qb6 {[%clk 1:17:54]} 18. Ne5
{[%clk 1:01:26]} Nc6 {[%clk 1:06:20]} 19. Nfd3 {[%clk 0:48:13]} Nxe5
{[%clk 0:55:34]} 20. Nxe5 {[%clk 0:48:39]} Ra8 {[%clk 0:51:58]} 21. Nc4
{[%clk 0:44:25]} Qa6 {[%clk 0:50:30]} 22. Bg5 {[%clk 0:43:51]} h6
{[%clk 0:42:41]} 23. Bxf6 {[%clk 0:32:27]} Bxf6 {[%clk 0:43:06]} 24. e5
{[%clk 0:32:43]} Be7 {[%clk 0:42:10]} 25. Bxb7 {[%clk 0:29:06]} Qxb7
{[%clk 0:42:35]} 26. a3 {[%clk 0:29:04]} bxa3 {[%clk 0:38:51]} 27. bxa3
{[%clk 0:28:52]} Qc6 {[%clk 0:39:17]} 28. Rb1 {[%clk 0:27:03]} Rfd8
{[%clk 0:39:03]} 29. Rb6 {[%clk 0:22:22]} Qa4 {[%clk 0:37:24]} 30. Rc1
{[%clk 0:18:15]} Qxc2 {[%clk 0:36:18]} 31. Rxc2 {[%clk 0:18:43]} Ra4
{[%clk 0:36:32]} 32. Rb7 {[%clk 0:18:37]} Bf8 {[%clk 0:35:40]} 33. Rc3
{[%clk 0:18:09]} Bg7 {[%clk 0:30:38]} 34. Kg2 {[%clk 0:17:37]} f6
{[%clk 0:23:04]} 35. Nb6 {[%clk 0:17:11]} Ra5 {[%clk 0:22:58]} 36. exf6
{[%clk 0:06:35]} Bxf6 {[%clk 0:23:24]} 37. Re3 {[%clk 0:05:55]} Re8
{[%clk 0:21:10]} 38. Rf3 {[%clk 0:05:01]} Re7 {[%clk 0:16:52]} 39. Rxe7
{[%clk 0:02:02]} Bxe7 {[%clk 0:17:18]} 40. Nc4 {[%clk 0:02:06]} Ra4
{[%clk 0:17:26]} 41. Rc3 {[%clk 0:02:31]} Bf6 {[%clk 0:17:23]} 42. Rc2
{[%clk 0:02:57]} Bd4 {[%clk 0:17:47]} 43. Kf3 {[%clk 0:03:09]} h5
{[%clk 0:18:00]} 44. Ke2 {[%clk 0:03:10]} Kg7 {[%clk 0:15:55]} 45. Kd3
{[%clk 0:03:18]} Kf6 {[%clk 0:16:22]} 46. Rc1 {[%clk 0:02:30]} Kg5
{[%clk 0:13:07]} 47. Rf1 {[%clk 0:27:48]} e5 {[%clk 0:42:21]} 48. f4+
{[%clk 0:27:31]} exf4 {[%clk 0:42:47]} 49. Rxf4 {[%clk 0:28:00]} Kh6
{[%clk 0:43:11]} 50. Rf3 {[%clk 0:20:27]} Kg5 {[%clk 0:41:41]} 51. Rf4
{[%clk 0:17:26]} Kh6 {[%clk 0:42:07]} 52. Rf1 {[%clk 0:17:51]} Kg5
{[%clk 0:42:17]} 53. Rf3 {[%clk 0:17:49]} Kh6 {[%clk 0:42:40]} 54. Rf1
{[%clk 0:11:27]} Kg5 {[%clk 0:43:00]} 55. Rf7 {[%clk 0:10:24]} Kh6
{[%clk 0:43:24]} 56. Rc7 {[%clk 0:09:26]} Bf2 {[%clk 0:39:45]} 57. g4
{[%clk 0:09:21]} hxg4 {[%clk 0:40:11]} 58. hxg4 {[%clk 0:09:49]} Bd4
{[%clk 0:40:25]} 59. Rb7 {[%clk 0:09:59]} Kg5 {[%clk 0:40:49]} 60. Rb6
{[%clk 0:10:26]} Ba1 {[%clk 0:39:58]} 61. Rd6 {[%clk 0:09:23]} Bd4
{[%clk 0:39:28]} 62. Rb6 {[%clk 0:09:49]} Ba1 {[%clk 0:39:54]} 63. Rc6
{[%clk 0:10:17]} Bd4 {[%clk 0:40:19]} 64. Rd6 {[%clk 0:10:43]} Ba1
{[%clk 0:38:09]} 65. Re6 {[%clk 0:10:18]} Bd4 {[%clk 0:38:22]} 66. Rc6
{[%clk 0:10:46]} Kh6 {[%clk 0:38:23]} 67. Re6 {[%clk 0:04:54]} Kg5
{[%clk 0:38:37]} 68. Rd6 {[%clk 0:04:56]} Ba1 {[%clk 0:38:43]} 1/2-1/2

[Event "WCO2014"]
[Site "Tromso"]
[Date "2014.08.09"]
[Round "7.3"]
[WhiteID "2107660"]
[White "Mekhitarian Krikor Sevag"]
[BlackID "11601388"]
[Black "Neiksans Arturs"]
[Result "1-0"]
[LiveChessVersion "1.4.3"]
[BlackElo "2572"]
[WhiteElo "2568"]

1. Nf3 {[%clk 1:30:56]} Nf6 {[%clk 1:30:50]} 2. c4 {[%clk 1:31:12]} e6
{[%clk 1:31:11]} 3. Nc3 {[%clk 1:26:57]} Bb4 {[%clk 1:29:52]} 4. Qc2
{[%clk 1:26:12]} O-O {[%clk 1:25:39]} 5. a3 {[%clk 1:26:39]} Bxc3
{[%clk 1:19:59]} 6. Qxc3 {[%clk 1:27:07]} c5 {[%clk 1:20:23]} 7. e3
{[%clk 1:09:58]} b6 {[%clk 1:09:14]} 8. Be2 {[%clk 1:09:48]} d5 {[%clk 1:04:37]}
9. b4 {[%clk 0:53:46]} Nbd7 {[%clk 1:02:07]} 10. Bb2 {[%clk 0:52:05]} Ba6
{[%clk 1:00:20]} 11. b5 {[%clk 0:43:06]} Bb7 {[%clk 1:00:04]} 12. O-O
{[%clk 0:43:31]} Re8 {[%clk 0:55:20]} 13. Qc2 {[%clk 0:32:48]} e5
{[%clk 0:45:08]} 14. cxd5 {[%clk 0:33:13]} Bxd5 {[%clk 0:44:56]} 15. d3
{[%clk 0:33:16]} h6 {[%clk 0:40:41]} 16. Nd2 {[%clk 0:30:22]} Nf8
{[%clk 0:31:10]} 17. Ne4 {[%clk 0:23:27]} N6h7 {[%clk 0:23:48]} 18. f4
{[%clk 0:16:02]} exf4 {[%clk 0:23:59]} 19. Rxf4 {[%clk 0:16:28]} Ng6
{[%clk 0:23:00]} 20. Rf2 {[%clk 0:15:36]} Qe7 {[%clk 0:13:41]} 21. Raf1
{[%clk 0:12:32]} Rf8 {[%clk 0:13:29]} 22. Ng3 {[%clk 0:12:12]} Nh4
{[%clk 0:09:48]} 23. e4 {[%clk 0:11:30]} Bb7 {[%clk 0:10:06]} 24. Rf4
{[%clk 0:08:20]} Rad8 {[%clk 0:06:45]} 25. Rxh4 {[%clk 0:07:13]} Qxh4
{[%clk 0:07:04]} 26. Nf5 {[%clk 0:07:39]} Qg5 {[%clk 0:06:13]} 27. h4
{[%clk 0:07:43]} 1-0

[Event "WCO2014"]
[Site "Tromso"]
[Date "2014.08.09"]
[Round "7.4"]
[WhiteID "11602945"]
[White "Kantans Toms"]
[BlackID "2100029"]
[Black "Milos Gilberto"]
[Result "0-1"]
[LiveChessVersion "1.4.3"]
[BlackElo "2583"]
[WhiteElo "2496"]

1. c4 {[%clk 1:30:56]} g6 {[%clk 1:30:41]} 2. Nc3 {[%clk 1:31:18]} Bg7
{[%clk 1:31:02]} 3. g3 {[%clk 1:31:00]} e5 {[%clk 1:30:46]} 4. Bg2
{[%clk 1:30:35]} d6 {[%clk 1:31:02]} 5. d3 {[%clk 1:25:28]} f5 {[%clk 1:30:21]}
6. e4 {[%clk 1:22:50]} Nc6 {[%clk 1:29:36]} 7. Nge2 {[%clk 1:13:52]} Nf6
{[%clk 1:29:58]} 8. O-O {[%clk 1:12:09]} O-O {[%clk 1:30:23]} 9. exf5
{[%clk 1:06:08]} Bxf5 {[%clk 1:28:29]} 10. d4 {[%clk 1:03:18]} Nxd4
{[%clk 1:22:26]} 11. Nxd4 {[%clk 1:02:36]} exd4 {[%clk 1:22:50]} 12. Qxd4
{[%clk 1:02:42]} c6 {[%clk 1:22:53]} 13. Qd1 {[%clk 0:59:54]} Ng4
{[%clk 1:20:07]} 14. Qb3 {[%clk 0:47:55]} Bd3 {[%clk 1:09:29]} 15. Re1
{[%clk 0:30:10]} Rxf2 {[%clk 0:51:56]} 16. Be3 {[%clk 0:13:48]} Qf8
{[%clk 0:34:56]} 17. c5+ {[%clk 0:01:10]} d5 {[%clk 0:24:00]} 18. Bxd5+
{[%clk 0:00:41]} cxd5 {[%clk 0:22:27]} 19. Qxd5+ {[%clk 0:00:31]} Kh8
{[%clk 0:22:49]} 20. Qxd3 {[%clk 0:00:57]} Qf3 {[%clk 0:22:54]} 0-1

[Event "WCO2014"]
[Site "Tromso"]
[Date "2014.08.09"]
[Round "7.28"]
[WhiteID "114987"]
[White "Kovalyov Anton"]
[BlackID "400041"]
[Black "Adams Michael"]
[Result "1/2-1/2"]
[LiveChessVersion "1.4.3"]
[BlackElo "2740"]
[WhiteElo "2622"]

1. Nf3 {[%clk 1:30:55]} d5 {[%clk 1:30:49]} 2. d4 {[%clk 1:31:20]} Nf6
{[%clk 1:31:15]} 3. c4 {[%clk 1:31:46]} c6 {[%clk 1:31:41]} 4. e3
{[%clk 1:32:12]} Bg4 {[%clk 1:32:07]} 5. h3 {[%clk 1:32:37]} Bh5 {[%clk 1:32:13]}
6. Nc3 {[%clk 1:32:36]} e6 {[%clk 1:32:12]} 7. g4 {[%clk 1:32:56]} Bg6
{[%clk 1:32:36]} 8. Ne5 {[%clk 1:33:22]} Nbd7 {[%clk 1:32:01]} 9. Nxg6
{[%clk 1:33:37]} hxg6 {[%clk 1:32:24]} 10. Bd2 {[%clk 1:34:03]} Bb4
{[%clk 1:23:01]} 11. cxd5 {[%clk 1:33:28]} exd5 {[%clk 1:19:29]} 12. Bd3
{[%clk 1:31:42]} Qe7 {[%clk 1:18:13]} 13. Qb3 {[%clk 1:32:06]} O-O-O
{[%clk 1:04:47]} 14. O-O-O {[%clk 1:31:37]} Kb8 {[%clk 1:03:15]} 15. Kb1
{[%clk 1:24:45]} Bxc3 {[%clk 1:00:06]} 16. Bxc3 {[%clk 1:23:39]} Ne4
{[%clk 1:00:01]} 17. Bb4 {[%clk 1:23:39]} c5 {[%clk 0:41:33]} 18. dxc5
{[%clk 1:22:24]} Ndxc5 {[%clk 0:41:53]} 19. Qc2 {[%clk 1:18:44]} b6
{[%clk 0:38:56]} 20. f3 {[%clk 1:08:45]} Ng5 {[%clk 0:38:27]} 21. Qe2
{[%clk 1:08:23]} Nge6 {[%clk 0:36:57]} 22. Bc2 {[%clk 1:07:38]} Qc7
{[%clk 0:33:47]} 23. Bc3 {[%clk 1:04:29]} g5 {[%clk 0:33:33]} 24. Qf2
{[%clk 1:03:29]} f6 {[%clk 0:33:21]} 25. Rc1 {[%clk 1:00:52]} Qd6
{[%clk 0:30:28]} 26. Rcd1 {[%clk 1:00:02]} a5 {[%clk 0:28:23]} 27. h4
{[%clk 0:56:08]} Rxh4 {[%clk 0:25:46]} 28. Rxh4 {[%clk 0:56:32]} gxh4
{[%clk 0:26:13]} 29. Qxh4 {[%clk 0:56:35]} Ng5 {[%clk 0:21:54]} 30. Qf2
{[%clk 0:56:22]} Qe7 {[%clk 0:19:29]} 31. Bd4 {[%clk 0:54:24]} Nge6
{[%clk 0:17:48]} 32. Bf5 {[%clk 0:54:33]} Nxd4 {[%clk 0:11:30]} 33. exd4
{[%clk 0:54:56]} Nb7 {[%clk 0:08:48]} 34. Re1 {[%clk 0:54:36]} Qc7
{[%clk 0:06:16]} 35. Rc1 {[%clk 0:55:00]} Qf4 {[%clk 0:04:22]} 36. Qc2
{[%clk 0:54:35]} g6 {[%clk 0:03:15]} 37. Bc8 {[%clk 0:50:36]} Nc5
{[%clk 0:01:57]} 38. dxc5 {[%clk 0:50:42]} Rxc8 {[%clk 0:02:22]} 39. Qb3
{[%clk 0:50:30]} Rc6 {[%clk 0:01:40]} 40. Qxd5 {[%clk 0:47:18]} Rxc5
{[%clk 0:01:31]} 41. Rxc5 {[%clk 0:46:18]} bxc5 {[%clk 0:01:59]} 42. a3
{[%clk 0:39:57]} a4 {[%clk 0:24:12]} 43. Kc2 {[%clk 1:02:40]} f5 {[%clk 0:22:28]}
44. gxf5 {[%clk 1:01:44]} gxf5 {[%clk 0:22:52]} 45. b3 {[%clk 1:00:00]} axb3+
{[%clk 0:18:50]} 46. Kxb3 {[%clk 1:00:23]} Qe3+ {[%clk 0:16:34]} 47. Ka4
{[%clk 0:59:40]} c4 {[%clk 0:13:28]} 48. Qb5+ {[%clk 0:57:17]} Ka7
{[%clk 0:12:55]} 49. Qa5+ {[%clk 0:57:30]} Kb7 {[%clk 0:12:11]} 50. Qb4+
{[%clk 0:57:46]} Ka7 {[%clk 0:11:27]} 51. Qa5+ {[%clk 0:57:07]} Kb7
{[%clk 0:11:54]} 52. Qd5+ {[%clk 0:57:27]} Kb6 {[%clk 0:10:01]} 53. Qd6+
{[%clk 0:56:37]} Kb7 {[%clk 0:09:20]} 54. Qd7+ {[%clk 0:53:54]} Kb6
{[%clk 0:09:12]} 55. Qd6+ {[%clk 0:53:29]} Kb7 {[%clk 0:09:39]} 56. Qb4+
{[%clk 0:52:11]} Ka7 {[%clk 0:10:01]} 57. Qa5+ {[%clk 0:52:14]} Kb7
{[%clk 0:10:18]} 58. Qd5+ {[%clk 0:52:25]} 1/2-1/2